• 首页
  • 本馆介绍
  • 公告通知
  • 最新文献
  • 馆藏检索
  • 电子资源
  • 读者导购
  • 参考咨询
  • 我的图书馆
  • 登录
  • 详细信息显示
  • 放入我的书架
  • 预约/预借图书
  • 作者相关作品
  • 分类相关作品
  • 丛书相关作品
  • 出版社相关作品

书目信息

  • 表格格式
  • 工作单格式
  • 卡片格式
题名:
世界地名雅称选编
    
 
作者: 贾文毓 编
分册:  
出版信息: 北京   中国旅游出版社  1987
页数: 266页
开本: 19cm
丛书名:
单 册:
中图分类: K91-61
科图分类:
主题词: 地名--世界 , 地理--世界
电子资源:
ISBN: 7-5032-0014-6
000 00644nam0 2200229 45
001 0187013164
005 20060413084009.25
010    @a7-5032-0014-6@dCNY2.50
100    @a19951205d1987 em y0chiy0121 ea
101 0  @achi
102    @aCN@b110000
105    @ay z 000yy
200 10 @a世界地名雅称选编@Ashi jie di ming ya cheng xuan bian@f贾文毓编@Fjia wen yu bian
210    @a北京@c中国旅游出版社@d1987
215    @a266页@d19cm
606    @a地名@x世界
606 0  @a地理@x世界
690    @aK91-61
701  0 @a贾文毓@4编@Ajia wen yu
801  2 @aCN@bNLC@c20060413
801  0 @aCN@b深圳图书馆@c20040512
905    @f1@b214847@dK91-61@e63
    
    世界地名雅称选编/贾文毓编.-北京:中国旅游出版社,1987
    266页;19cm
    
    
    ISBN 7-5032-0014-6:CNY2.50
    
●
相关链接 在E读中查询图书 在五车中查询图书 在当当中查询图书 在豆瓣中查询图书


正题名:世界地名雅称选编     索取号:K91-61/63         预约/预借

序号 登录号 条形码 馆藏地/架位号 状态 备注
1 0214847   000078374   密集书库/ [索取号:K91-61/63] 在馆    
2 0214848   202257805   密集书库/ [索取号:K91-61/63] 在馆    
3 0214849   000078365   第二样本阅览室/ [索取号:K91-61/63] 在馆    
唐山师范学院图书馆 欢迎您!
大连网信软件有限公司© 版权所有